00870nam a2200241 i 4500003000900000005001700009008004100026040004300067041000800110082002400118100003000142245011500172264004600287300002200333336002200355337002400377338003300401504005300434504003500487546002000522650002900542856005700571EG-GICUC20260228090518.0260228s1938 -uk |fr|||| 000 0 eng d aEG-GiCUCbengcEG-GiCUCdEG-GiCUCerda 0aeng04221a341.71b WO . S1 aWoodhouse, W. JeAuthor.10aSolon The Liberator :bA Study Of The Agrarian Problem In Attika In The Seventh Century /cBy W. J. Woodhouse. 3aLondon :bOxford University Press,c1938. a218 pages,c24 cm 2rda contentatext 2rda mediaaComputer 2rda carrieraOnline Resource aIncludes bibliographical references and index.  aBibliography: pages 209-216.  aText in English14aPublic international law40uhttps://fll.law.cu.edu.eg/fulltext/bks/B11-08239.pdf